Les surprenants chiffres des Français - 5 - Statistiques

Statistiques générales
  • Ce quiz a été pris 21 fois
  • Le résultat moyen est 4 sur 15
Statistiques - réponses
Hint Réponse % Correct
20 kilos par an Aliments encore consommables jetés par foyer français
50%
1500 par minute Nombre de tasses de café bues en France
50%
82 litres par seconde Consommation de bière en France
33%
14 kilos par an Consommation de tomates par foyer français
33%
69 par seconde Vente de bouteilles d'Evian dans le monde
33%
400000 par an Nombre de camions transportant des fraises d'Andalousie en France
28%
5 par seconde Vente de bouteilles de cognac dans le monde
28%
24 litres par an Consommation de jus d'orange d'un Français
22%
13 litres par an Consommation de potage en France
17%
100000 tonnes par an de sauce tomate vendues en France
17%
45 litres par seconde Consommation de whisky en France
11%
130000 tonnes par an de fraises consommées en France
11%
130000 tonnes Production annuelle d'huitres en France
11%
45 kilos par minute Production d'aubergine en France
11%
9,2 kilos par seconde Production de melons en France
6%
Aucun quiz correspondant
Distribution des résultats
% des personnes avec chaque résultat
Percentile par nombre de réponses
Votre historique - résultats
Vous n’avez pas pris ce quiz